1007 1369 1783 1813 1392 1778 1661 1853 1066 1873 1146 1661 1723 1606 1443 1018 1885 1377 1419 1925 1745 1106 1661 1392 1913 1249 1858 1753 1811 1985 1479 1704 1391 1031 1270 1620 1657 1419 1687 1045 1076 1658 1205 1514 1769 1269 1501 1612 1053 1702 1598 1337 1049 1573 1569 1335 1914 1580 1402 1134 1592 1419 1376 1986 1673 1753 1008 1527 1848 1794 1719 1061 1120 1751 1734 1694 1288 1419 1143 1093 1091 1088 1937 1158 1716 1200 1079 1066 1902 1723 1702 1962 1530 1654 1785 1491 1595 1977 1194 BCNSPRNW ULIB Ver.6.0+V

เปลี่ยนเป็นภาษาไทย

Change to English
 แสดงรายละเอียดบรรณานุกรม
  กลับหน้าหลัก

Brief Record : Get Marc (ISO 2709) : E-mail record : QR code < ปิดหน้าต่าง
LEADER : 00000nam 2200000uu 4500
001    13399128669
003     ULIB
008    230928s||||||||th 000 0 tha d
020    ^a9786163920218
060    ^aWS440^bS168น
100    ^aSally
245    ^aนิทานอีสป 2 ภาษา(ไทย-อังกฤษ)สำหรับเด็กๆหัดอ่านและเรียนรู้ภาษาอังกฤษ หมาป่ากับลูกแกะ : The Wolf and the Lamb
250    ^aพิมพ์ครั้งที่ 1
260    ^aกรุงเทพฯ :^bโลกหนังสือ,^c2560
300    ^a10 หน้า;^c19 ซม.
650    ^aนิทานเด็ก
650    ^aเด็ก-พัฒนาการ
945    ^p35^l0^i30041
999    ^aกัณชพร จุลอักษร
รายการนี้ยังไม่มีแท็ก
คุณยังไม่ได้ล็อกอิน คุณสามารถมีกิจกรรมร่วมกับเว็บไซต์ได้ แต่ต้องล็อกอินก่อน ::
  ล็อกอิน

รายการสื่อสารสนเทศ

ลำดับที่ ประเภท เลขเรียก/บาร์โค้ด สถานที่ สถานะ
1. วิทยาศาสตร์การแพทย์ และสุขภาพ
วิทยาศาสตร์การแพทย์ และสุขภาพ
WS440 S168น ฉ.1 
  Barcode: 30041
ห้องสมุดวิทยาเขตนครสวรรค์
►หนังสือทั่วไป:l:General Books
บนชั้น

รายการใกล้เคียง
    ชื่อเรื่อง [นิทานอีสป 2 ภาษา(ไทย-อังกฤษ)สำหรับเด็กๆหัดอ่านและเรียนรู้ภาษาอังกฤษ หมาป่ากับลูกแกะ : The Wolf and the Lamb]

    ผู้แต่ง [Sally]

    หัวเรื่อง [นิทานเด็ก]
    หัวเรื่อง [เด็ก-พัฒนาการ]

BibComment


ยังไม่เคยถูกคอมเมนท์

คอมเมนท์ทรัพยากรรายการนี้
  คอมเมนท์: นิทานอีสป 2 ภาษา..


 Copyright 2026. Bcnsprnw @Library